00609nam a2200181Ia 4500001000600000003000500006008004100011010001100052040000900063082001900072100003300091245010300124260008100227300001000308650002500318650003100343710005300374Z_185CHAP220113s1988 xx 000 0 und d a163157 cCHAP a338.173492 F561 aFlores Verduzco, Juan José aSistema agroindustrial producción intensiva de carne y huevo /cpor Juan José Flores Verdusco aChapingo, Méx. :bUACh. Centro Regional Universitario de Occidente,c1988 a94 p. aCarnexProducción  aHuevosxProducción I. t. aUACh. Centro Regional Universitario de Occidente